Sports Quiz

Random Sports or Logo Quiz

50 States by NCAA Logos Quiz Stats

Quiz Updated Jan 3, 2015

Also try: NCAA Helmets
Challenge
Share
Tweet
Score 0/50 Timer 08:00
0 Plays Today
% Correct
Florida
96.4%
Louisiana
95.7%
Nevada
94.1%
Alabama
93.1%
New York
92%
Virginia
91.6%
Minnesota
91.3%
North Carolina
91.2%
Oklahoma
87.5%
New Mexico
86.4%
Delaware
85.7%
Texas
83.4%
South Carolina
83.2%
Hawaii
83.1%
California
82.5%
Arizona
81.1%
Idaho
81%
Vermont
80.4%
Massachusetts
79.3%
Arkansas
79%
Colorado
76%
Georgia
75.6%
Pennsylvania
74.4%
Utah
73.5%
Kansas
71.7%
% Correct
Missouri
68.8%
Alaska
66.9%
Oregon
66.4%
Washington
65.7%
Wyoming
65.6%
Illinois
62.7%
Tennessee
61.6%
Connecticut
60.3%
New Jersey
58.5%
Ohio
58.4%
North Dakota
57.6%
Indiana
57.4%
Rhode Island
54.4%
West Virginia
53.9%
Wisconsin
51.5%
South Dakota
49.4%
Maine
44.9%
New Hampshire
44.3%
Maryland
44.3%
Nebraska
43.1%
Mississippi
42.2%
Kentucky
40.3%
Montana
32.2%
Iowa
28.7%
Michigan
28.4%

You're not logged in!

Compare scores with friends on all Sporcle quizzes.
Sign Up with Email
OR
Log In

You Might Also Like...

Show Comments

Extras

Top Quizzes Today


Score Distribution

Your Account Isn't Verified!

In order to create a playlist on Sporcle, you need to verify the email address you used during registration. Go to your Sporcle Settings to finish the process.